Europäische Hauptstädte nach Buchstaben- N - Statistiken

Allgemein
  • Dieses Quiz wurde 119 mal gespielt
  • Das Durchschnittsergebnis liegt bei 17 aus 20
Antwortstatistiken
Antwort % Korrekt
Berlin
100%
Lissabon
97%
Bern
96%
London
96%
Athen
92%
Dublin
92%
Tallinn
90%
Kopenhagen
89%
Wien
87%
Minsk
86%
Monaco
86%
San Marino
86%
Vatikan
86%
Vilnius
81%
Helsinki
80%
Andorra la Vella
76%
Ljubljana
76%
Tirana
73%
Chisinau
67%
Pristina
67%
Keine übereinstimmenden Quizze gefunden
Verteilung der Resultate
Anzahl Personen mit jedem Resultat
Perzentil nach korrekt beantworteten Fragen
Ihre Resultats-Entwicklung
Sie haben dieses Quiz noch nicht gespielt